000 00437cam a22001337a 4500
008 180718b2000 xxu||||| |||| 00| 0 eng d
082 _aA81x54 91/3/PT11
100 _aCensus of India 1991
245 _aArunachal Pradesh: census atlas
260 _aDelhi
_bThe Controller of Publication
_c2000
300 _a123+p.
440 _aCensus of India 1991. Series-3, Arunachal Pradesh. Part XI
650 _aArunachal Pradesh - Atlases - Census
999 _c486666
_d486666